Statistics for Countries That Border Indonesia

Click here to take the quiz!

General Stats

  • This quiz has been taken 19 times
  • The average score is 7 of 8

Answer Stats

HintAnswer% Correct
824 kmPapua New Guinea
100%
1881 kmMalaysia
93%
253 kmTimor Leste
93%
1438 kmAustralia
87%
122 kmThailand
87%
471 kmIndia
73%
1162 kmPhilippines
73%
45 kmSingapore
73%

Score Distribution

Percentile by Number Answered

Percent of People with Each Score

Your Score History

You have not taken this quiz